New York City / (Record no. 33611)
[ view plain ]
| 000 -LEADER | |
|---|---|
| fixed length control field | 01029cam a2200349 a 4500 |
| 001 - CONTROL NUMBER | |
| control field | 14648469 |
| 003 - CONTROL NUMBER IDENTIFIER | |
| control field | ost |
| 005 - DATE AND TIME OF LATEST TRANSACTION | |
| control field | 20140310184324.0 |
| 008 - FIXED-LENGTH DATA ELEMENTS--GENERAL INFORMATION | |
| fixed length control field | 061128s2006 nyua j 000 0 eng |
| 010 ## - LIBRARY OF CONGRESS CONTROL NUMBER | |
| LC control number | 2006286722 |
| 020 ## - INTERNATIONAL STANDARD BOOK NUMBER | |
| International Standard Book Number | 0439740355 (pbk.) |
| 040 ## - CATALOGING SOURCE | |
| Original cataloging agency | DLC |
| Transcribing agency | DLC |
| 043 ## - GEOGRAPHIC AREA CODE | |
| Geographic area code | n-us-ny |
| 050 00 - LIBRARY OF CONGRESS CALL NUMBER | |
| Classification number | F 128.33 |
| Item number | .W24 2006 |
| 100 1# - MAIN ENTRY--PERSONAL NAME | |
| Personal name | Wade, Angela. |
| 9 (RLIN) | 23648 |
| 245 10 - TITLE STATEMENT | |
| Title | New York City / |
| Statement of responsibility, etc | Angela Wade. |
| 260 ## - PUBLICATION, DISTRIBUTION, ETC. (IMPRINT) | |
| Place of publication, distribution, etc | New York : |
| Name of publisher, distributor, etc | Scholastic, |
| Date of publication, distribution, etc | 2006. |
| 300 ## - PHYSICAL DESCRIPTION | |
| Extent | 8 p. : |
| Other physical details | col. ill. ; |
| Dimensions | 23 cm. |
| 490 0# - SERIES STATEMENT | |
| Series statement | Scholastic FX books ; |
| Volume number/sequential designation | bk. 12 |
| 521 ## - TARGET AUDIENCE NOTE | |
| Target audience note | |
| 526 ## - STUDY PROGRAM INFORMATION NOTE | |
| Reading level | 400 |
| 541 ## - IMMEDIATE SOURCE OF ACQUISITION NOTE | |
| -- | 1 |
| 650 #0 - SUBJECT ADDED ENTRY--TOPICAL TERM | |
| Topical term or geographic name as entry element | Vocabulary |
| Form subdivision | Juvenile literature. |
| 9 (RLIN) | 23649 |
| 650 #0 - SUBJECT ADDED ENTRY--TOPICAL TERM | |
| Topical term or geographic name as entry element | English language |
| General subdivision | Suffixes and prefixes |
| Form subdivision | Juvenile literature. |
| 9 (RLIN) | 23650 |
| 651 #0 - SUBJECT ADDED ENTRY--GEOGRAPHIC NAME | |
| Geographic name | New York (N.Y.) |
| Form subdivision | Juvenile literature. |
| 9 (RLIN) | 23651 |
| 906 ## - LOCAL DATA ELEMENT F, LDF (RLIN) | |
| a | 7 |
| b | cbc |
| c | orignew |
| d | 2 |
| e | ncip |
| f | 20 |
| g | y-gencatlg |
| 942 ## - ADDED ENTRY ELEMENTS (KOHA) | |
| Source of classification or shelving scheme | Library of Congress Classification |
| Koha item type | |
| Withdrawn status | Lost status | Source of classification or shelving scheme | Damaged status | Home library | Current library | Shelving location | Date acquired | Total Checkouts | Full call number | Barcode | Date last seen | Copy number | Price effective from | Koha item type |
|---|---|---|---|---|---|---|---|---|---|---|---|---|---|---|
| Library of Congress Classification | Luxembourg Library | Luxembourg Library | Scholastic Reading Center Section | 10/03/2013 | F 128.33 .W24 2006 | LEX0942 | 04/18/2017 | 1 | 10/03/2013 | Books | ||||
| Library of Congress Classification | Luxembourg Library | Luxembourg Library | Scholastic Reading Center Section | 10/03/2013 | F 128.33 .W24 2006 | LEX1616 | 04/18/2017 | 2 | 10/03/2013 | Books | ||||
| Library of Congress Classification | Luxembourg Library | Luxembourg Library | Scholastic Reading Center Section | 10/03/2013 | F 128.33 .W24 2006 | LEX1615 | 04/18/2017 | 3 | 10/03/2013 | Books | ||||
| Library of Congress Classification | Luxembourg Library | Luxembourg Library | Scholastic Reading Center Section | 10/03/2013 | F 128.33 .W24 2006 | LEX0183 | 04/18/2017 | 4 | 10/03/2013 | Books | ||||
| Library of Congress Classification | Luxembourg Library | Luxembourg Library | Scholastic Reading Center Section | 10/03/2013 | F 128.33 .W24 2006 | LEX0182 | 04/18/2017 | 5 | 01/30/2014 | Books | ||||
| Library of Congress Classification | Luxembourg Library | Luxembourg Library | Scholastic Reading Center Section | 11/14/2013 | F 128.33 .W24 2006 | LEX3193 | 04/18/2017 | 6 | 11/14/2013 | Books | ||||
| Library of Congress Classification | Luxembourg Library | Luxembourg Library | Scholastic Reading Center Section | 11/14/2013 | F 128.33 .W24 2006 | LEX3194 | 04/18/2017 | 7 | 11/14/2013 | Books | ||||
| Library of Congress Classification | Luxembourg Library | Luxembourg Library | Scholastic Reading Center Section | 11/14/2013 | F 128.33 .W24 2006 | LEX3195 | 04/18/2017 | 8 | 11/14/2013 | Books |